000 00647nam a2200229 a 4500
001 BRL_1393
005 20190320211200.0
008 100114s1975----u--ao#####---#000-0#eng-#
020 _a0308101774
041 _aeng
044 _au
050 4 _aTT770
_b.K37 1975
100 1 _aKarasz, Mariska
_926755
245 1 0 _aAdventures in stitches and more adventures-fewer stitches
_cby Mariska Karasz.
260 _aUnited States
_bFunk anf Wagnalls
_c1975
300 _a127 p.
_bil.
_c22 cm.
500 _aAu1639
500 _aEstado fĂ­sico: Falta una parte de la pasta
650 1 4 _aBordado
_xPatrones
_926594
902 _aGRL
942 _2lcc
_cB
999 _c10204
_d10204